|
|
|
|
| LEADER |
00000cas a2200000 i 4500 |
| 001 |
vtls008881603 |
| 003 |
SK-MaSNL |
| 005 |
20260311075552.0 |
| 008 |
160627d19491965xr mr p|r 0 0 b0czeoc |
| 035 |
|
|
|a (SVKBB03)vtls000103099
|
| 040 |
|
|
|a SVKBB
|b slo
|c SVKBB
|d SNK
|e AACR2
|
| 041 |
0 |
|
|a cze
|
| 043 |
|
|
|a e-cs---
|
| 044 |
|
|
|a xr
|c CZ
|
| 072 |
|
7 |
|a 070
|x Noviny. Tlač. Žurnalistika
|2 konspekt
|
| 080 |
|
|
|a 070
|2 2011
|
| 080 |
|
|
|a (051)
|2 2011
|
| 080 |
|
|
|a 050
|2 2011
|
| 080 |
|
|
|a (437)
|2 2011
|
| 245 |
0 |
0 |
|a Československý novinář
|b časopis Svazu českolovenských novinářů
|
| 260 |
|
|
|a Praha
|b Svaz československých novinářů
|c 1949-1965
|
| 300 |
|
|
|a zv.
|c 25 cm
|
| 310 |
|
|
|a 1x mesačne
|
| 362 |
0 |
|
|a 1949-1965
|
| 500 |
|
|
|a Zmena podnázvu od r. 1964: měsíčník Svazu československých novinářů
|
| 650 |
0 |
7 |
|a žurnalistika
|2 SNKPH
|9 951
|
| 651 |
|
7 |
|a Československo
|2 SNKPHgeo
|9 21376
|
| 655 |
|
7 |
|a časopisy
|2 SNKPH
|9 76610
|
| 785 |
0 |
0 |
|t Novinář
|
| 910 |
|
|
|a snk
|
| 999 |
|
|
|c 7055
|d 8985
|
| 952 |
|
|
|t č. 1-13
|a SNK
|b SNK
|y PREZ
|7 0
|p 17A0504509
|o snkČB 903/5/1953
|i snkII.289/54
|0 0
|1 0
|4 0
|d 2006-04-03
|l 0
|r 2026-02-21 19:47:09
|w 2026-02-21
|
| 952 |
|
|
|t č. 1-12
|a SNK
|b SNK
|y PREZ
|7 0
|p 17A1153680
|o snkČB 903/7/1955
|i snkČIP 585/56
|0 0
|1 0
|4 0
|d 2017-12-06
|l 0
|r 2026-02-21 22:18:39
|w 2026-02-21
|